| 000 | 01138nam a2200241Ia 4500 | ||
|---|---|---|---|
| 999 |
_c49402 _d49402 |
||
| 001 | 16322 | ||
| 003 | GE_BSU | ||
| 005 | 20230530103120.0 | ||
| 008 | 181216s ||||ge |||||||||||||| ||geo|| | ||
| 020 | _aISBN 978-9941-9344-3-8 | ||
| 040 | _cGE_BSU | ||
| 041 | _ageo | ||
| 080 | _a347.734(479.22)(075.8) შ-48 | ||
| 100 |
_aშენგელია, რომან _918287 |
||
| 245 |
_aსაბანკო სამართლის საფუძვლები : _b(სახელმძღვ.) / _cრომან შენგელია ; რედ. ჯონი ხეცურიანი. |
||
| 264 |
_aთბილისი : _bსამართალი, _c2014. |
||
| 300 |
_a540 გვ. ; _c20 სმ. |
||
| 504 | _aბიბლიოგრ. ტექსტის შენიშვნებში და გვ. : 535-538 | ||
| 541 | _h18ლ. | ||
| 653 | _aსაბანკო სამართალი საქართველოში - სახელმძღვანელოები | ||
| 700 |
_aხეცურიანი, ჯონი _eრედაქტორი _918288 |
||
| 942 |
_cBK _2udc |
||